[Event "Muensterland Verbandsliga Gr1 2223"]
[Site "Germany"]
[Date "2022.11.12"]
[Round "3.2"]
[White "Kellmann, Dominik"]
[Black "Luecke, Thomas"]
[Result "1/2-1/2"]
[WhiteElo "1712"]
[BlackElo "1872"]
[PlyCount "53"]
[EventDate "2022.09.10"]
[EventType "team-tourn"]
[EventRounds "5"]
[EventCountry "GER"]
[SourceTitle "EXT 2024"]
[Source "ChessBase"]
[SourceDate "2023.10.10"]
[SourceVersion "1"]
[SourceVersionDate "2023.10.10"]
[SourceQuality "1"]
[WhiteTeam "Ibbenbueren"]
[BlackTeam "Emsdetten Rochade II"]
[WhiteTeamCountry "GER"]
[BlackTeamCountry "GER"]

1. e4 c6 2. Nf3 d5 3. exd5 cxd5 4. d4 Nf6 5. Ne5 a6 6. Nd2 Nc6 7. c3 Bf5 8. g4 Be6 9. Be2 g6 10. Nf1 Nxe5 11. dxe5 Nd7 12. f4 Nb6 13. Ng3 Bd7 14. Be3 Bc6 15. e6 Bg7 16. exf7+ Kxf7 17. 0-0 Rf8 18. Qb3 Nd7 19. Ne4 h6 20. f5 Kg8 21. Rad1 gxf5 22. gxf5 Kh8 23. Ng3 Rg8 24. Qb4 Qf8 25. c4 Nf6 26. Bc5 Re8 27. Bf3 1/2-1/2

[Event "Muensterland Verbandsliga 1920"]
[Site "Germany"]
[Date "2019.11.09"]
[Round "3.2"]
[White "Eissing, Christoph"]
[Black "Kellmann, Dominik"]
[Result "1-0"]
[WhiteElo "2026"]
[BlackElo "1755"]
[PlyCount "59"]
[EventDate "2019.09.07"]
[EventType "team-tourn"]
[EventRounds "7"]
[EventCountry "GER"]
[SourceTitle "EXT 2023"]
[Source "ChessBase"]
[SourceDate "2022.10.05"]
[SourceVersion "1"]
[SourceVersionDate "2022.10.05"]
[SourceQuality "1"]
[WhiteTeam "Gescher"]
[BlackTeam "Ibbenbueren"]
[WhiteTeamCountry "GER"]
[BlackTeamCountry "GER"]

1. e4 c6 2. d4 d5 3. Nc3 dxe4 4. Nxe4 Bf5 5. Ng3 Bg6 6. h4 h6 7. Nf3 Nd7 8. h5 Bh7 9. Bd3 Bxd3 10. Qxd3 Qc7 11. Bd2 e6 12. 0-0-0 Ngf6 13. Qe2 Be7 14. Ne5 Rf8 15. f4 0-0-0 16. f5 Nxe5 17. dxe5 Nd5 18. a3 Kb8 19. Rdf1 Ka8 20. Kb1 Qb6 21. Rf3 Rd7 22. c4 Nc7 23. f6 gxf6 24. exf6 Bd6 25. Bxh6 Rfd8 26. Bc1 Qd4 27. Qe4 Bxg3 28. Qxd4 Rxd4 29. Rxg3 Ne8 30. Rg8 1-0

[Event "Muensterland Verbandsklasse 1819"]
[Site "Germany"]
[Date "2019.05.18"]
[Round "9.1"]
[White "Vos, Thomas"]
[Black "Kellmann, Dominik"]
[Result "1-0"]
[WhiteElo "2044"]
[BlackElo "1777"]
[PlyCount "39"]
[EventDate "2018.09.15"]
[EventType "team-tourn"]
[EventRounds "9"]
[EventCountry "GER"]
[SourceTitle "EXT 2020"]
[Source "ChessBase"]
[SourceDate "2019.10.17"]
[SourceVersion "1"]
[SourceVersionDate "2019.10.17"]
[SourceQuality "1"]
[WhiteTeam "Saerbeck"]
[BlackTeam "Ibbenbueren"]
[WhiteTeamCountry "GER"]
[BlackTeamCountry "GER"]

1. Nf3 Nf6 2. c4 b6 3. e3 Bb7 4. b3 g6 5. Bb2 Bg7 6. Qc2 c5 7. Nc3 Nc6 8. a3 0-0 9. Nd5 e6 10. Nxf6+ Bxf6 11. h4 d5 12. h5 d4 13. 0-0-0 e5 14. Bd3 Na5 15. hxg6 hxg6 16. Bxg6 Nxb3+ 17. Kb1 fxg6 18. Qxg6+ Bg7 19. Ng5 Rf6 20. Rh8+ 1-0

[Event "Muensterland Verbandsklasse 1819"]
[Site "Germany"]
[Date "2018.10.06"]
[Round "2.2"]
[White "Rothkegel, Juergen"]
[Black "Kellmann, Dominik"]
[Result "1/2-1/2"]
[WhiteElo "1825"]
[BlackElo "1777"]
[PlyCount "51"]
[EventDate "2018.09.15"]
[EventType "team-tourn"]
[EventRounds "9"]
[EventCountry "GER"]
[SourceTitle "EXT 2020"]
[Source "ChessBase"]
[SourceDate "2019.10.17"]
[SourceVersion "1"]
[SourceVersionDate "2019.10.17"]
[SourceQuality "1"]
[WhiteTeam "Gronau II"]
[BlackTeam "Ibbenbueren"]
[WhiteTeamCountry "GER"]
[BlackTeamCountry "GER"]

1. e4 c6 2. d4 d5 3. Nc3 dxe4 4. Nxe4 Bf5 5. Ng3 Bg6 6. N1e2 Nf6 7. Nf4 Nbd7 8. Nxg6 hxg6 9. Bd3 e6 10. Ne4 Be7 11. 0-0 Qc7 12. g3 Qb6 13. c3 Kf8 14. Qe2 Kg8 15. Ng5 c5 16. dxc5 Nxc5 17. Bc4 Qc6 18. Bb5 Qc8 19. b4 a6 20. Bc4 b5 21. Bxb5 axb5 22. bxc5 Nd5 23. Qxb5 Nxc3 24. Qd3 Qxc5 25. Qf3 Rf8 26. h4 1/2-1/2

[Event "Muensterland Verbandsklasse 1819"]
[Site "Germany"]
[Date "2018.09.15"]
[Round "1.4"]
[White "Kellmann, Dominik"]
[Black "Holstegge, Ludger"]
[Result "1/2-1/2"]
[WhiteElo "1777"]
[BlackElo "1761"]
[PlyCount "28"]
[EventDate "2018.09.15"]
[EventType "team-tourn"]
[EventRounds "9"]
[EventCountry "GER"]
[SourceTitle "EXT 2020"]
[Source "ChessBase"]
[SourceDate "2019.10.17"]
[SourceVersion "1"]
[SourceVersionDate "2019.10.17"]
[SourceQuality "1"]
[WhiteTeam "Ibbenbueren"]
[BlackTeam "Nordwalde"]
[WhiteTeamCountry "GER"]
[BlackTeamCountry "GER"]

1. e4 c6 2. d4 d5 3. exd5 cxd5 4. Nf3 Bg4 5. h3 Bxf3 6. Qxf3 Nc6 7. c3 Nf6 8. Bd3 e6 9. Qe2 Be7 10. Bf4 Bd6 11. Be5 Bxe5 12. dxe5 Nd7 13. f4 Qh4+ 14. Qf2 Qxf2+ 1/2-1/2

[Event "Steinfurt Bezirksliga 1617"]
[Site "Germany"]
[Date "2017.03.25"]
[Round "8.1"]
[White "Raus, Michael"]
[Black "Kellmann, Dominik"]
[Result "1/2-1/2"]
[WhiteElo "1706"]
[BlackElo "1761"]
[PlyCount "57"]
[EventDate "2016.09.24"]
[EventType "team"]
[EventRounds "9"]
[EventCountry "GER"]
[SourceTitle "EXT 2018"]
[Source "ChessBase"]
[SourceDate "2017.10.13"]
[SourceVersion "1"]
[SourceVersionDate "2017.10.13"]
[SourceQuality "1"]
[WhiteTeam "Steinfurt II"]
[BlackTeam "Ibbenbueren II"]
[WhiteTeamCountry "GER"]
[BlackTeamCountry "GER"]

1. e4 e5 2. Nf3 Nc6 3. Bc4 Bc5 4. c3 Nf6 5. d4 exd4 6. cxd4 Bb4+ 7. Bd2 d5 8. exd5 Bxd2+ 9. Nbxd2 Ne7 10. Qb3 0-0 11. 0-0 Nexd5 12. Ne5 c6 13. Ndf3 Qb6 14. Rfe1 h6 15. Rad1 Qxb3 16. Bxb3 Bf5 17. h3 a5 18. Rc1 Rfe8 19. Bc4 Re7 20. Bd3 Be6 21. a3 Rae8 22. Rc5 Ra8 23. Kf1 Nf4 24. Bc4 N4d5 25. Bd3 Nc7 26. Kg1 Nfd5 27. Rd1 f6 28. Ng6 Ree8 29. Ngh4 1/2-1/2

[Event "Steinfurt Bezirksliga 1516"]
[Site "Germany"]
[Date "2016.03.12"]
[Round "7.1"]
[White "Wehmeier, Sven"]
[Black "Kellmann, Dominik"]
[Result "1/2-1/2"]
[WhiteElo "1783"]
[BlackElo "1775"]
[PlyCount "33"]
[EventDate "2015.09.19"]
[EventType "team-tourn"]
[EventRounds "9"]
[EventCountry "GER"]
[SourceTitle "EXT 2017"]
[Source "ChessBase"]
[SourceDate "2016.10.25"]
[SourceVersion "1"]
[SourceVersionDate "2016.10.25"]
[SourceQuality "1"]
[WhiteTeam "Emsdetten Rochade III"]
[BlackTeam "Ibbenbueren"]
[WhiteTeamCountry "GER"]
[BlackTeamCountry "GER"]

1. e4 e5 2. Nf3 Nc6 3. d4 exd4 4. Nxd4 Bc5 5. Be3 Qf6 6. c3 Nge7 7. Be2 0-0 8. 0-0 d6 9. Nxc6 Nxc6 10. Bxc5 dxc5 11. f4 Be6 12. Qc2 Qe7 13. f5 Bd7 14. Nd2 Rae8 15. Rae1 Ne5 16. Bd1 Qd6 17. Re3 1/2-1/2

[Event "Steinfurt Bezirksliga 1516"]
[Site "Germany"]
[Date "2015.11.07"]
[Round "2.1"]
[White "Kellmann, Dominik"]
[Black "Santos Brito, Daniel"]
[Result "0-1"]
[WhiteElo "1775"]
[BlackElo "1948"]
[PlyCount "100"]
[EventDate "2015.09.19"]
[EventType "team-tourn"]
[EventRounds "9"]
[EventCountry "GER"]
[SourceTitle "EXT 2017"]
[Source "ChessBase"]
[SourceDate "2016.10.25"]
[SourceVersion "1"]
[SourceVersionDate "2016.10.25"]
[SourceQuality "1"]
[WhiteTeam "Ibbenbueren"]
[BlackTeam "Neuenkirchen II"]
[WhiteTeamCountry "GER"]
[BlackTeamCountry "GER"]

1. e4 d6 2. d4 Nf6 3. Bd3 g6 4. Nf3 Bg7 5. h3 0-0 6. 0-0 c5 7. d5 c4 8. Bxc4 Nxe4 9. c3 Qb6 10. Bd3 Nc5 11. Na3 Nxd3 12. Qxd3 Bf5 13. Qe2 Re8 14. Be3 Qa5 15. Rfd1 Na6 16. Nb5 Nc7 17. Nxc7 Qxc7 18. Bd4 Bf8 19. g4 Bd7 20. Ng5 h6 21. Ne4 Bg7 22. Qd3 Qc8 23. Bxg7 Kxg7 24. Qd4+ Kg8 25. c4 f5 26. gxf5 Bxf5 27. Rac1 Bxh3 28. Rc3 Bf5 29. Rg3 Kf7 30. b4 Rg8 31. c5 dxc5 32. bxc5 Qd7 33. Rdd3 Rad8 34. Qe5 Qa4 35. Rgf3 Qxa2 36. Qe6+ Kf8 37. Nd6 exd6 38. Qf6+ Ke8 39. Rde3+ Kd7 40. cxd6 Kc8 41. Re7 Qb1+ 42. Kh2 Qb4 43. d7+ Rxd7 44. Rxd7 Bxd7 45. d6 Re8 46. Rc3+ Kb8 47. Re3 Rc8 48. Re7 Qg4 49. Qf7 Qh3+ 50. Kg1 Rc1+ 0-1

[Event "Muensterland Verbandsklasse 1415"]
[Site "Germany"]
[Date "2015.03.21"]
[Round "8.4"]
[White "Fasselt, Hendrik"]
[Black "Kellmann, Dominik"]
[Result "0-1"]
[WhiteElo "1778"]
[BlackElo "1621"]
[PlyCount "72"]
[EventDate "2014.09.13"]
[EventType "team-tourn"]
[EventRounds "9"]
[EventCountry "GER"]
[SourceTitle "EXT 2016"]
[Source "ChessBase"]
[SourceDate "2015.10.08"]
[SourceVersion "1"]
[SourceVersionDate "2015.10.08"]
[SourceQuality "1"]
[WhiteTeam "Raesfeld Erle II"]
[BlackTeam "Ibbenbueren"]
[WhiteTeamCountry "GER"]
[BlackTeamCountry "GER"]

1. b3 e5 2. Bb2 Nc6 3. e3 d5 4. Bb5 e4 5. d3 Bd7 6. Ne2 Nf6 7. 0-0 Bc5 8. Nd2 exd3 9. Bxd3 Bg4 10. Nf3 Bxf3 11. gxf3 Qd6 12. Bf5 Nd7 13. Nf4 Ne7 14. Bd3 0-0-0 15. a3 Ne5 16. b4 Bb6 17. Be2 Nf5 18. a4 Nxe3 19. Qc1 Nxf3+ 20. Bxf3 Qxf4 21. Re1 Qxf3 22. Rxe3 Bxe3 23. Qxe3 Qg4+ 24. Kh1 Rhe8 25. Qxa7 Qxb4 26. Bd4 Re1+ 27. Rxe1 Qxe1+ 28. Kg2 Qe4+ 29. Kg1 Qxc2 30. a5 Re8 31. Be3 Qb1+ 32. Kg2 Re6 33. Qc5 Rg6+ 34. Kf3 Qd1+ 35. Kf4 Qg4+ 36. Ke5 Qe4# 0-1

[Event "Muensterland Verbandsklasse 1415"]
[Site "Germany"]
[Date "2014.12.06"]
[Round "4.6"]
[White "Eijkelkamp, Regobert"]
[Black "Kellmann, Dominik"]
[Result "1-0"]
[WhiteElo "1668"]
[BlackElo "1621"]
[PlyCount "53"]
[EventDate "2014.09.13"]
[EventType "team-tourn"]
[EventRounds "9"]
[EventCountry "GER"]
[SourceTitle "EXT 2016"]
[Source "ChessBase"]
[SourceDate "2015.10.08"]
[SourceVersion "1"]
[SourceVersionDate "2015.10.08"]
[SourceQuality "1"]
[WhiteTeam "Emsdetten Rochade II"]
[BlackTeam "Ibbenbueren"]
[WhiteTeamCountry "GER"]
[BlackTeamCountry "GER"]

1. e4 e5 2. Nf3 Nc6 3. Bb5 Nf6 4. d3 d6 5. c3 Bd7 6. Nbd2 a6 7. Ba4 Be7 8. Nf1 0-0 9. Ng3 b5 10. Bc2 d5 11. 0-0 b4 12. h3 Qc8 13. Qe2 d4 14. cxd4 Nxd4 15. Nxd4 exd4 16. f4 c5 17. Bb3 Bc6 18. Nf5 Re8 19. g4 Bd7 20. Nxe7+ Rxe7 21. f5 Bb5 22. e5 Qb7 23. g5 Rae8 24. gxf6 Rxe5 25. Qg4 g6 26. fxg6 Kh8 27. gxh7 1-0

[Event "Steinfurt Bezirksliga 1415"]
[Site "Germany"]
[Date "2014.11.08"]
[Round "3.2"]
[White "Kellmann, Dominik"]
[Black "Radisic, Sascha"]
[Result "1-0"]
[WhiteElo "1639"]
[BlackElo "1626"]
[PlyCount "61"]
[EventDate "2014.09.06"]
[EventType "team-tourn"]
[EventRounds "9"]
[EventCountry "GER"]
[SourceTitle "EXT 2016"]
[Source "ChessBase"]
[SourceDate "2015.10.08"]
[SourceVersion "1"]
[SourceVersionDate "2015.10.08"]
[SourceQuality "1"]
[WhiteTeam "Ibbenbueren II"]
[BlackTeam "Steinfurt II"]
[WhiteTeamCountry "GER"]
[BlackTeamCountry "GER"]

1. e4 c5 2. Nf3 Nc6 3. c3 g6 4. d4 cxd4 5. cxd4 Bg7 6. Nc3 Qb6 7. Nd5 Qa5+ 8. Bd2 Qd8 9. Bc3 e6 10. Ne3 Nge7 11. d5 Bxc3+ 12. bxc3 exd5 13. exd5 Na5 14. Qd4 0-0 15. Bd3 d6 16. 0-0 Bd7 17. Qf4 Nc8 18. Rfe1 b5 19. Ng5 Kg7 20. Qd4+ f6 21. Bxb5 Kg8 22. Ne6 Bxe6 23. dxe6 Ne7 24. Nd5 a6 25. Bd7 Nb7 26. Nxf6+ Kg7 27. Ne8+ Kh6 28. Qg7+ Kg5 29. h4+ Kxh4 30. Qh6+ Kg4 31. Re4+ 1-0

[Event "Steinfurt Bezirksliga 1415"]
[Site "Germany"]
[Date "2014.09.06"]
[Round "1.2"]
[White "Kellmann, Dominik"]
[Black "Visschedijk, Theo"]
[Result "1-0"]
[WhiteElo "1639"]
[BlackElo "1839"]
[PlyCount "75"]
[EventDate "2014.09.06"]
[EventType "team-tourn"]
[EventRounds "9"]
[EventCountry "GER"]
[SourceTitle "EXT 2016"]
[Source "ChessBase"]
[SourceDate "2015.10.08"]
[SourceVersion "1"]
[SourceVersionDate "2015.10.08"]
[SourceQuality "1"]
[WhiteTeam "Ibbenbueren II"]
[BlackTeam "Emsdetten Turm III"]
[WhiteTeamCountry "GER"]
[BlackTeamCountry "GER"]

1. e4 e5 2. Nf3 Nc6 3. Bb5 a6 4. Bxc6 dxc6 5. h3 Bd6 6. 0-0 Nf6 7. d4 Qe7 8. dxe5 Bxe5 9. Nxe5 Qxe5 10. Nc3 0-0 11. Qf3 Ne8 12. Bf4 Qe7 13. Qd3 Be6 14. Rad1 Nf6 15. a3 h6 16. Be5 Rfd8 17. Qf3 Ne8 18. Bf4 Kh7 19. Rfe1 Bc4 20. b3 Be6 21. Qg3 Qxa3 22. Bxc7 Rxd1 23. Nxd1 Rc8 24. Be5 Rd8 25. f4 f6 26. Bb2 Qc5+ 27. Ne3 Rd2 28. f5 Bf7 29. Kh2 Nd6 30. Ng4 Ne8 31. e5 Qxc2 32. e6 Bh5 33. Bc1 Rd4 34. Qe3 Rd3 35. Qf4 Rd5 36. Ne3 Qc3 37. Rf1 Rd4 38. Qf2 1-0

[Event "Steinfurt Bezirksliga 1213"]
[Site "Germany"]
[Date "2012.11.24"]
[Round "3.7"]
[White "Kellmann, Dominik"]
[Black "Roewekamp, Helmut"]
[Result "1/2-1/2"]
[WhiteElo "1471"]
[BlackElo "1623"]
[PlyCount "105"]
[EventDate "2012.09.22"]
[EventType "team-tourn"]
[EventRounds "9"]
[EventCountry "GER"]
[SourceTitle "EXT 2015"]
[Source "ChessBase"]
[SourceDate "2014.11.20"]
[SourceVersion "1"]
[SourceVersionDate "2014.11.20"]
[SourceQuality "1"]
[WhiteTeam "Ibbenbueren II"]
[BlackTeam "Reckenfeld"]
[WhiteTeamCountry "GER"]
[BlackTeamCountry "GER"]

1. e4 e5 2. Nf3 Nc6 3. Bb5 a6 4. Bxc6 dxc6 5. h3 Bd6 6. d4 Qe7 7. 0-0 Nf6 8. dxe5 Bxe5 9. Nxe5 Qxe5 10. Nc3 0-0 11. Qf3 h6 12. Bf4 Qe7 13. Rad1 Be6 14. a4 Rfd8 15. Rfe1 Rxd1 16. Rxd1 Rd8 17. Rxd8+ Qxd8 18. Qg3 Nh5 19. Bxc7 Qd2 20. Qd3 Qc1+ 21. Nd1 Nf4 22. Bxf4 Qxf4 23. Ne3 Qe5 24. c3 Qa5 25. Qd1 Qg5 26. Kf1 Qe5 27. Qd8+ Kh7 28. Qd4 Qc7 29. b4 a5 30. e5 b5 31. axb5 cxb5 32. bxa5 Qxa5 33. f4 g6 34. g4 Qa1+ 35. Kg2 Qb1 36. Qd1 Qe4+ 37. Qf3 Qd3 38. f5 Bb3 39. fxg6+ Qxg6 40. Qf5 Be6 41. Qxg6+ Kxg6 42. h4 f6 43. exf6 Kxf6 44. Kf3 Ke5 45. g5 hxg5 46. hxg5 Bf7 47. Nc2 Kd5 48. Na3 Kc5 49. Ke4 Bg6+ 50. Ke5 b4 51. cxb4+ Kxb4 52. Kf6 Bd3 53. g6 1/2-1/2

[Event "Steinfurt Bezirksklasse 1112"]
[Site "Germany"]
[Date "2012.05.19"]
[Round "9.2"]
[White "Kellmann, Dominik"]
[Black "Stoffers, Elsbeth"]
[Result "1-0"]
[WhiteElo "1610"]
[BlackElo "1338"]
[PlyCount "85"]
[EventDate "2011.09.24"]
[EventType "team-tourn"]
[EventRounds "9"]
[EventCountry "GER"]
[SourceTitle "EXT 2013"]
[Source "ChessBase"]
[SourceDate "2012.11.22"]
[SourceVersion "1"]
[SourceVersionDate "2012.11.22"]
[SourceQuality "1"]
[WhiteTeam "Ibbenbueren III"]
[BlackTeam "Steinfurt IV"]
[WhiteTeamCountry "GER"]
[BlackTeamCountry "GER"]

1. e4 c5 2. Nf3 Nc6 3. Bb5 d6 4. 0-0 Nf6 5. Nc3 e6 6. d4 cxd4 7. Nxd4 Bd7 8. Be3 a6 9. Nxc6 Bxc6 10. Bxc6+ bxc6 11. a4 Be7 12. a5 c5 13. h3 Rb8 14. b3 0-0 15. Qd3 Qc8 16. Rfd1 Rd8 17. Na4 Qc6 18. f3 Nd7 19. Bf4 Bf6 20. Rab1 Bd4+ 21. Kh1 Qb5 22. Bxd6 Qxd3 23. Rxd3 e5 24. Bxb8 Rxb8 25. c3 c4 26. Rdd1 cxb3 27. cxd4 f6 28. Nb6 Nxb6 29. axb6 Rxb6 30. dxe5 a5 31. e6 Kf8 32. Rd7 b2 33. Ra7 Rb5 34. Kg1 h5 35. Kf2 g5 36. Ke2 g4 37. hxg4 hxg4 38. Rh1 gxf3+ 39. gxf3 Kg8 40. e7 Rb8 41. Rg1+ Kf7 42. e8Q+ Kxe8 43. Rg8# 1-0

[Event "Steinfurt Bezirksklasse 1112"]
[Site "Germany"]
[Date "2012.01.28"]
[Round "5.3"]
[White "Lerch, Heinz"]
[Black "Kellmann, Dominik"]
[Result "1-0"]
[WhiteElo "1413"]
[BlackElo "1610"]
[PlyCount "53"]
[EventDate "2011.09.24"]
[EventType "team-tourn"]
[EventRounds "9"]
[EventCountry "GER"]
[SourceTitle "EXT 2013"]
[Source "ChessBase"]
[SourceDate "2012.11.22"]
[SourceVersion "1"]
[SourceVersionDate "2012.11.22"]
[SourceQuality "1"]
[WhiteTeam "Saerbeck III"]
[BlackTeam "Ibbenbueren III"]
[WhiteTeamCountry "GER"]
[BlackTeamCountry "GER"]

1. d4 Nf6 2. c4 e6 3. Nc3 d5 4. Bg5 Be7 5. Nf3 h6 6. Bh4 0-0 7. e3 c5 8. Bd3 Nc6 9. 0-0 dxc4 10. Bxc4 cxd4 11. exd4 g5 12. Bg3 Nb4 13. Ne5 Bd7 14. f4 Nbd5 15. Qf3 Bc6 16. Nxc6 bxc6 17. fxg5 hxg5 18. Be5 Nh7 19. Nxd5 cxd5 20. Bd3 f6 21. Bxh7+ Kxh7 22. Qh5+ Kg8 23. Qg6+ Kh8 24. Rf3 g4 25. Qh5+ Kg7 26. Qxg4+ Kf7 27. Qh5+ 1-0

[Event "Steinfurt Bezirksklasse 1112"]
[Site "Germany"]
[Date "2011.12.17"]
[Round "4.4"]
[White "Loges, Wilhelm"]
[Black "Kellmann, Dominik"]
[Result "1/2-1/2"]
[WhiteElo "1700"]
[BlackElo "1610"]
[PlyCount "29"]
[EventDate "2011.09.24"]
[EventType "team-tourn"]
[EventRounds "9"]
[EventCountry "GER"]
[SourceTitle "EXT 2013"]
[Source "ChessBase"]
[SourceDate "2012.11.22"]
[SourceVersion "1"]
[SourceVersionDate "2012.11.22"]
[SourceQuality "1"]
[WhiteTeam "Emsdetten Turm III"]
[BlackTeam "Ibbenbueren III"]
[WhiteTeamCountry "GER"]
[BlackTeamCountry "GER"]

1. e4 e5 2. Nf3 Nc6 3. Bb5 a6 4. Ba4 Nf6 5. 0-0 b5 6. Bb3 Bb7 7. Ng5 d5 8. exd5 Nxd5 9. Nxf7 Kxf7 10. Qf3+ Ke6 11. Qg4+ Ke7 12. Nc3 Nd4 13. Re1 Kd6 14. Qe4 Nxb3 15. Qxe5+ 1/2-1/2